<?xml version="1.0" encoding="UTF-8"?>
<collection xmlns="http://www.loc.gov/MARC21/slim">
 <record>
  <leader>00864cam a2200193 7i4500</leader>
  <controlfield tag="001">0000142113</controlfield>
  <controlfield tag="005">20091006090000.0</controlfield>
  <controlfield tag="002">  0000007200</controlfield>
  <datafield tag="090" ind1="0" ind2="0">
   <subfield code="a">QE 359 .A1 </subfield>
   <subfield code="b">C3 2009</subfield>
  </datafield>
  <datafield tag="100" ind1="0" ind2="#">
   <subfield code="a">Choo Kim Ming </subfield>
  </datafield>
  <datafield tag="245" ind1="1" ind2="0">
   <subfield code="a">Heavy metal speciation and mineralogy in sediment off Pahang coast, Malaysia during pre-and post north east monsoon seasons  </subfield>
   <subfield code="c">Choo Kim Ming.</subfield>
  </datafield>
  <datafield tag="260" ind1="#" ind2="#">
   <subfield code="a">Terengganu: </subfield>
   <subfield code="b">Universiti Malaysia Terengganu, </subfield>
   <subfield code="c">2009.</subfield>
  </datafield>
  <datafield tag="300" ind1=" " ind2=" ">
   <subfield code="a">xxiv, 198 p.: </subfield>
   <subfield code="b">ill.; </subfield>
   <subfield code="c">30 cm..</subfield>
  </datafield>
  <datafield tag="500" ind1="#" ind2="#">
   <subfield code="a">INOS is an abbreviation for Institute Oceanography</subfield>
  </datafield>
  <datafield tag="502" ind1="#" ind2="#">
   <subfield code="a">Tesis INOS (Degree of Master of Science) 2009</subfield>
  </datafield>
  <datafield tag="520" ind1="3" ind2="#">
   <subfield code="a">Twenty six surface sediment samples were colleted from the near-shire area of Pahang coast,South China Sea during the pre- and post Northeast monsson periods</subfield>
  </datafield>
  <datafield tag="602" ind1="#" ind2="#">
   <subfield code="a">Tesis INOS 2009</subfield>
  </datafield>
  <datafield tag="650" ind1="0" ind2="0">
   <subfield code="a">Mineralogy </subfield>
  </datafield>
  <datafield tag="999" ind1=" " ind2=" ">
   <subfield code="a">1100071229</subfield>
   <subfield code="b">Book</subfield>
   <subfield code="c">Tesis</subfield>
   <subfield code="e">KOLEKSI KHAS</subfield>
  </datafield>
 </record>
</collection>
